Torino e i suoi statuti nella seconda metà del trecento

Збережено в:
Бібліографічні деталі
Формат: Книга
Мова:Італійська мова
Опубліковано: Turín s.n 1981
Предмети:
Теги: Додати тег
Немає тегів, Будьте першим, хто поставить тег для цього запису!

MARC

LEADER 00000nam a2200000 a 4500
001 UCG4114
003 CL-VaPUC
008 101007e19810000it |||||||||||||||||ita|d
082 0 4 |a 348.45  |b TOR  |2 21 
245 1 0 |a Torino e i suoi statuti nella seconda metà del trecento 
300 |a 138 p 
942 |c BK 
945 |d 20101007 00:00:00  |a mfarfan 
260 |a Turín  |b s.n  |c 1981 
650 7 |a ESTATUTOS  |2 CL-VaPUC  |9 259253 
650 0 |a Leyes  |9 256670 
651 7 |a TORINO, ITALIA  |2 CL-VaPUC  |9 553418 
583 |a last modification  |c 20180110 11:38:05  |k Rodrigo Vera 
999 |c 342967  |d 342965 
952 |0 0  |1 0  |4 0  |6 348_450000000000000_TOR_1981  |7 0  |8 X  |9 439728  |a FDOBUD  |b FDOBUD  |d 2019-11-22  |i 4718887  |o 348.45 TOR 1981  |p 4718887  |r 2019-11-22  |w 2019-11-22  |y BK_X  |k BUD